Liczby 1-100 w 15 sekund - Statystyki

Ogólne statystyki
  • Ten quiz został rozwiązany 4 893 razy
  • Średni wynik to 22 z 100
Statystyki odpowiedzi
Number % Poprawnych
1
100%
2
98%
3
97%
4
96%
5
95%
6
94%
7
93%
8
93%
9
92%
10
87%
11
83%
12
80%
13
77%
14
76%
15
73%
16
71%
17
68%
18
65%
19
62%
20
55%
21
52%
22
48%
23
42%
24
39%
25
36%
26
34%
27
31%
28
30%
29
27%
30
22%
31
19%
32
17%
33
15%
34
12%
35
11%
36
10%
37
9%
38
8%
39
8%
40
6%
41
6%
42
5%
43
5%
44
4%
45
3%
46
3%
47
2%
48
2%
49
2%
100
1%
50
1%
51
1%
52
1%
53
1%
54
1%
55
1%
56
1%
57
1%
58
1%
59
1%
60
1%
61
1%
62
1%
63
1%
64
1%
99
1%
65
0%
66
0%
67
0%
68
0%
69
0%
70
0%
71
0%
72
0%
73
0%
74
0%
75
0%
76
0%
77
0%
78
0%
79
0%
80
0%
81
0%
82
0%
83
0%
84
0%
85
0%
86
0%
87
0%
88
0%
89
0%
90
0%
91
0%
92
0%
93
0%
94
0%
95
0%
96
0%
97
0%
98
0%
Nie znaleziono quizów pasujących do podanych kryteriów
Rozkład punktacji
Procent ludzi z każdym wynikiem
Percentyl według liczby udzielonych odpowiedzi
Twoja historia wyników
Nie rozwiązałeś tego quizu